000 01459cam a2200361 a 4500
001 EDZ0000063834
003 StDuBDS
005 20161031105203.0
006 m||||||||d||||||||
007 cr |||||||||||
008 120326s1996 enk fo| 001|0|eng d
020 _a9781446250495 (ebook) :
_cNo price
040 _aStDuBDS
_beng
_cStDuBDS
_epn
049 _aAlfaisal Main Library
050 0 _aHV245
_b.S6234 1996
082 0 4 _a361.3
_223
245 0 0 _aSocial work competences
_h[electronic resource] :
_bcore knowledge, values and skills /
_cedited by Antony A. Vass.
260 _aLondon :
_bSAGE,
_c1996.
300 _a1 online resource (ix, 226 p.).
490 1 _aNew directions in social work
504 _aIncludes bibliographical references and index.
520 8 _aThis book addresses the issues in competences, skills and knowledge which now form the basis of all social work courses in the U.K. It covers topics such as community care and social work with children, families, adults and offenders.
521 _aSpecialized.
588 _aDescription based on print version record.
650 0 _aSocial service.
655 7 _aElectronic books.
_2local
700 1 _aVass, Antony A.
710 2 _aSage eBooks
776 0 8 _iPrint version :
_z9780803978003
830 0 _aNew directions in social work.
856 4 0 _uhttp://ezproxy.alfaisal.edu/login?url=http://sk.sagepub.com/books/social-work-competences
942 _2lcc
_cEBOOKS
999 _c481264
_d481264